000 03285cam a22012494i 4500
003 PE-LiUPU
005 20250813185624.0
008 150706s2013 pe a r 000 0 spa d
020 _a6124118432
020 _a9786124118432
035 _a(Sirsi) i9786124118432
040 _aPE-LiUPU
_bspa
_cPE-LiUPU
_erda
049 _aPRUA
082 0 4 _a351.722
_bA49
_221
100 1 _aÁlvarez Pedraza, Alejandro,
_eautor.
245 1 0 _aGuía de clasificadores presupuestarios 2013 /
_cAlejandro Álvarez Pedroza, Juan Francisco Álvarez Illanes y Orlando Álvarez Medina.
264 1 _aLima :
_bInstituto Pacífico,
_c2013.
300 _a296 páginas :
_bilustraciones ;
_c24 centímetros.
336 _atext
_2rdacontent
337 _aunmediated
_2rdamedia
338 _avolume
_2rdacarrier
490 0 _aActualidad Gubernamental
505 0 _aClasificadores presupuestarios para el año fiscal 2013 -- Clasificador institucional 2013 -- Clasificador de fuentes de financiamiento y rubros para el año fiscal 2013 -- Clasificadores de ingresos y gastos -- Evaluación presupuestaria -- Plan contable gubernamental -- Directiva de ejecución presupuestal -- Guía para la ejecución de gastos año fiscal 2013.
526 _aP202
526 _aP201
526 _aP163
526 _aP162
526 _aP161
526 _aP160
526 _aP148
526 _aP147
526 _aP146
526 _aP145
526 _aP144
526 _aP143
526 _aP142
526 _aP141
526 _aP140
526 _aP139
526 _aP138
526 _aP137
526 _aP136
526 _aP135
526 _aP134
526 _aP133
526 _aP129
526 _aP128
526 _aP127
526 _aP120
526 _aP119
526 _aP118
526 _aP116
526 _aP115
526 _aP114
526 _aP110
526 _aP109
526 _aP108
526 _aP104
526 _aP103
526 _aP102
526 _aP99
526 _aP98
526 _aP97
526 _aP96
526 _aP95
526 _aP93
526 _aP90
526 _aP89
526 _aP88
526 _aP83
526 _aP82
526 _aP62
526 _aP59
526 _aP58
526 _aP57
526 _aP51
526 _aP49
526 _aP48
526 _aP47
526 _aP29
526 _aP24
526 _aP20
526 _aP19
526 _aP17
526 _aP15
526 _aP14
526 _aP12
526 _aP10
526 _aP09
526 _aP08
526 _aP07
526 _aP06
526 _aP05
526 _aP04
526 _aP01
650 0 4 _aPresupuesto público
_zPerú.
650 0 4 _aPresupuesto público
_xLegislación
_zPerú.
700 1 _aÁlvarez Illanes, Juan Francisco,
_eautor.
700 1 _aÁlvarez Medina, Orlando,
_eautor.
910 _agl
_cng
_d20130703
910 _adbm
_bncf
_cncf
_d20190514
942 _2ddc
_cBOOK
994 _aC0
_bPEPRU
596 _a1
999 _a351.722 A49
_wDEWEY
_c55383
_i67868
_f2021-11-5
_g6
_lCCODEBUL1
_mBUL
_p33.00
_r0
_sY
_tBOOK
_u2015-7-6
_xFCE
_PP08
_0COMPRA
_o.STAFF. Colección General
_d55383
980 _81
_gALBERTO SANCHEZ Responsable de Automatización